|
|
|
|
| LEADER |
01941nam a22003137a 4500 |
| 001 |
44060 |
| 003 |
BD-DhAAL |
| 005 |
20250508160821.0 |
| 008 |
250204t2023 |||a|||| |||| 00| 1 eng d |
| 020 |
|
|
|a 9798871417379
|
| 040 |
|
|
|a BD-DhAAL
|c BD-DhAAL
|
| 041 |
|
|
|a fre
|a eng
|
| 082 |
|
|
|a 448.2421
|2 23
|
| 100 |
|
|
|a Wilson, Vallerie,
|e author.
|9 57641
|
| 245 |
|
|
|a French bilingual bridge :
|b classic fairy tales for intermediate readers /
|c Vallerie Wilson.
|
| 246 |
|
|
|a Pont bilingue français :
|b contes de fées classiques pour lecteurs intermédiaires
|
| 260 |
|
|
|a [place not identified] :
|b Vallerie Wilson,
|c c2023.
|
| 300 |
|
|
|a 151 pages :
|b illustrations ;
|c 23 cm
|
| 505 |
|
|
|a La Belle au bois dormant = Sleeping beauty -- Cendrillon = Cinderella -- Hansel et gretel = Hansel and gretel -- Raiponce = Rapunzel -- La petite sirène = The little mermaid -- Les nouveaux habits de l'empereur = The emperor's new clothes
|
| 526 |
|
|
|a BIL
|x Dr. Tanjena Sultana Khan,
Lecturer,
BRAC Institute of Languages (BIL)
Course Name : Basic French (FRN 101)
|
| 541 |
|
|
|a R K Corporation
|e 44060, 44061
|
| 650 |
|
|
|a French language
|x Study and teaching
|x Bilingual method.
|9 57540
|
| 650 |
|
|
|a English language
|x Study and teaching
|x Bilingual method.
|9 57639
|
| 650 |
|
|
|a French language
|x Study and teaching
|x English speakers.
|9 57651
|
| 852 |
|
|
|a Ayesha Abed Library
|
| 942 |
|
|
|c BK
|2 ddc
|
| 999 |
|
|
|c 47208
|d 47208
|
| 952 |
|
|
|0 0
|1 0
|2 ddc
|4 0
|6 448_242100000000000_WIL
|7 0
|9 77258
|a BIL
|b BIL
|d 2025-01-30
|e R K Corporation
|g 2450.00
|l 0
|o 448.2421 WIL
|p 3010044060
|r 2025-01-30
|t 1
|v 2450.00
|w 2025-01-30
|y BK
|x Requisitioned by Dr. Tanjena Sultana Khan for the course named- "Basic French (FRN 101)".
|
| 952 |
|
|
|0 0
|1 0
|2 ddc
|4 0
|6 448_242100000000000_WIL
|7 0
|9 77259
|a BIL
|b BIL
|d 2025-01-30
|e R K Corporation
|g 2450.00
|l 0
|o 448.2421 WIL
|p 3010044061
|r 2025-01-30
|t 2
|v 2450.00
|w 2025-01-30
|y BK
|x Requisitioned by Dr. Tanjena Sultana Khan for the course named- "Basic French (FRN 101)".
|